000 00567nam a2200169Ia 4500
008 090711s9999 xx 000 0 und d
082 _b997
100 _aवाळिंबे शरदSांद्र
245 _aस्वाभिमान
260 _bशांती पब्लिकेशन्स
_c1998
300 _a272
600 _aवाळिंबे शरदSांद्र
630 _aस्वाभिमान
700 _aवाळिंबे शरदSांद्र
730 _aस्वाभिमान
942 _cBOOK
999 _c333842
_d333842